| 000 | 00860nam a22002532a 4500 | ||
|---|---|---|---|
| 001 | 21889 | ||
| 003 | BD-RjUL | ||
| 005 | 20211209000736.0 | ||
| 008 | 140305r19541915enka b 000 1 eng d | ||
| 035 | _a(OCoLC)ocm53052700 | ||
| 040 |
_aOPP _cOPP _beng _dBD-RjUL |
||
| 041 | _aeng | ||
| 082 | 0 | 4 |
_a823.22 _bEWJ 1954 |
| 100 | 1 |
_aEwing, Juliana Horatia, _d1841-1885. _967580 |
|
| 245 | 1 | 0 |
_aJackanapes and other tales / _cby J.H. Ewing. |
| 260 |
_aLondon : _bJ M Dent & Sons Ltd., _c1915 [reprinted 1954]. |
||
| 300 |
_axvi, 231 p., [8] leaves of plates : _bill.; _c17 cm. |
||
| 504 | _aIncludes bibliographical references. | ||
| 650 | 0 |
_aChildren's stories. _967581 |
|
| 830 | 0 |
_v032:143. _967601 |
|
| 700 | 1 |
_aBrock, H. M. _q(Henry Matthew), _d1875-1960. _967583 |
|
| 710 | 2 |
_aSociety for Promoting Christian Knowledge (Great Britain) _967584 |
|
| 942 |
_2ddc _cBK |
||
| 999 |
_c21889 _d21889 |
||